The carters of greenwood : (Record no. 6878)

MARC details
000 -CABECERA
campo de control de longitud fija 00705nam a2200217 a 4500
005 - FECHA Y HORA DE LA ÚLTIMA TRANSACCIÓN
campo de control 20240821063744.0
008 - ELEMENTOS DE LONGITUD FIJA--INFORMACIÓN GENERAL
campo de control de longitud fija 991125s1966 ea 000 0 eng u
020 ## - NÚMERO INTERNACIONAL NORMALIZADO PARA LIBROS
Número Internacional Estándar del Libro 0582538416
035 ## - NÚMERO DE CONTROL DEL SISTEMA
Número de control de sistema UPN01000006878
049 ## - COLECCIÓN
Colección CG
050 #4 - SIGNATURA TOPOGRÁFICA DE LA BIBLIOTECA DEL CONGRESO
Número de clasificación PE1111
Número de documento/Ítem A4.3
100 1# - ASIENTO PRINCIPAL--NOMBRE PERSONAL
Nombre de persona Alexander, L. G.
245 14 - MENCIÓN DE TÍTULO
Título The carters of greenwood :
Resto del título cineloops for english as a foreign-second language /
Mención de responsabilidad, etc. L. G. Alexander.
260 ## - PUBLICACIÓN, DISTRIBUCIÓN, ETC.
Lugar de publicación, distribución, etc. London :
Nombre del editor, distribuidor, etc. Longman Group,
Fecha de publicación, distribución, etc. 1966.
300 ## - DESCRIPCIÓN FÍSICA
Extensión 88 p. :
Otras características físicas il.
520 ## - NOTA DE RESUMEN, ETC.
Sumario, etc. "Libro de ejercicios elemental"
520 ## - NOTA DE RESUMEN, ETC.
Sumario, etc. Datos tomados de la cubierta
650 #4 - ASIENTO SECUNDARIO DE MATERIA - TERMINO TEMATICO
Término de materia o nombre geográfico como elemento de entrada Inglés
Subdivisión general Composición y ejercicios
9 (RLIN) 9166
650 #4 - ASIENTO SECUNDARIO DE MATERIA - TERMINO TEMATICO
Término de materia o nombre geográfico como elemento de entrada INGLES -
Subdivisión general GRAMATICA -
-- ESTUDIO Y ENSEÑANZA
9 (RLIN) 21871
905 ## - TIPO DE MATERIAL
Tipo de material Libro
Holdings
Estado de retiro Estado de pérdida Fuente del sistema de clasificación o colocación Estado dañado No para préstamo Código de colección Localización permanente Ubicación/localización actual Ubicación en estantería Total de préstamos Clasificación Código de barras Fecha visto por última vez Número de copia Tipo de ítem Koha
    Library of Congress Classification     Colección General Bib. Gregorio Torres Quintero Bib. Gregorio Torres Quintero Planta baja   PE1111 A4.3 4480 31/12/2020 1 Libro
    Library of Congress Classification     Colección General Bib. Gregorio Torres Quintero Bib. Gregorio Torres Quintero Planta baja   PE1111 A4.3 4481 31/12/2020 1 Libro